000 00468nam a2200145Ia 4500
008 230917s9999||||xx |||||||||||||| ||und||
040 _e240626
_aMAIN
041 _aEnglish
082 _a373.18235 R72A
100 _aRase, Vanita
245 0 _aAcademic stress and academic achievement of senir secondary school students in relation to time management, locus of control, level of aspiration and learning styles
260 _c2016
300 _a268 p.
942 _cTH
999 _c127035
_d127035